Feriados nacionales de Argentina - Estadísticas

Estadísticas generales
  • Esta prueba ha sido intentada 415 veces
  • La puntuación promedio es 11 de 15
Estadísticas de respuestas
Hint Respuesta % Correcto
1º de enero Año Nuevo
98%
25 de mayo Día de la Revolución de Mayo
85%
25 de diciembre Navidad
85%
9 de julio Día de la Independencia
83%
1º de mayo Día del Trabajo
83%
2 de abril Día del Veterano y de los Caídos en la Guerra de Malvinas
81%
El día dos días antes de la Pascua Viernes Santo
76%
8 de diciembre Día de la Inmaculada Concepción de María
74%
17 de agosto Paso a la Inmortalidad del General D. José de San Martín
72%
12 de octubre Día del Respeto a la Diversidad Cultural
68%
20 de junio Paso a la Inmortalidad del General D. Manuel Belgrano
66%
24 de marzo Día Nacional de la Memoria por la Verdad y la Justicia
64%
20 de noviembre Día de la Soberanía Nacional
57%
17 de junio Paso a la Inmortalidad del General Don Martín de Güemes
46%
Los dos días que anteceden la Cuaresma Carnaval
41%
No se encontraron pruebas coincidentes
Distribución de puntuación
Porcentaje de gente con cada puntuación
Porcentaje por número respondido
Historial de tus puntuaciones
No has intentado esta prueba.